[Event "Olympiad-42"]
[Site "Baku"]
[Date "2016.09.09"]
[Round "7.4"]
[White "Yamada, Kohei"]
[Black "Ben Youssef, Anis"]
[Result "1-0"]
[WhiteElo "2100"]
[BlackElo "1893"]
[PlyCount "155"]
[EventDate "2016.09.02"]
[EventType "team-swiss"]
[EventRounds "11"]
[EventCountry "AZE"]
[SourceTitle "CBM 175"]
[Source "ChessBase"]
[SourceDate "2016.11.10"]
[SourceVersion "1"]
[SourceVersionDate "2016.11.10"]
[SourceQuality "1"]
[WhiteTeam "Japan"]
[BlackTeam "Tunisia"]
[WhiteTeamCountry "JPN"]
[BlackTeamCountry "TUN"]

1. d4 d5 2. c4 e6 3. Nc3 Nf6 4. cxd5 exd5 5. Bg5 Be7 6. Qc2 Be6 7. e3 Qd7 8. Bd3 Nc6 9. a3 h6 10. Bh4 a6 11. Nf3 0-0 12. 0-0 Qd8 13. Rac1 Ne8 14. Bg3 Bd6 15. Ne5 Ne7 16. Ne2 Rc8 17. b4 c6 18. Nf4 Bd7 19. Qb1 Qc7 20. h3 Nf6 21. Rfd1 Qb8 22. Bh7+ Kh8 23. Bc2 Rce8 24. Bd3 Bc7 25. a4 Nc8 26. Nxd7 Nxd7 27. b5 axb5 28. axb5 Ne7 29. Rd2 g5 30. Ne2 Nf6 31. Rb2 Bxg3 32. Nxg3 Qd6 33. bxc6 bxc6 34. Rb6 Rb8 35. Nf5 Nxf5 36. Bxf5 Rxb6 37. Qxb6 Rb8 38. Qxc6 Qxc6 39. Rxc6 Kg7 40. Rc7 Kf8 41. Rc8+ Rxc8 42. Bxc8 Ke7 43. Bf5 Ne8 44. Kf1 Nd6 45. Bd3 Ne8 46. Ke2 Nf6 47. g4 Kd6 48. Bf5 Ne8 49. f3 Nc7 50. Kd3 Na6 51. Kc3 Nb8 52. Kb4 Nc6+ 53. Kb5 Na7+ 54. Ka6 Nc6 55. Kb6 Ne7 56. Kb7 Nc6 57. Kc8 Na5 58. Kd8 Nc4 59. Ke8 Nxe3 60. Kxf7 Nd1 61. Kg6 Nf2 62. Kxh6 Nxh3 63. Bc2 Ng1 64. Bd1 Nh3 65. Kg6 Ke6 66. Bc2 Kd6 67. Kf6 Ng1 68. Bd1 Nh3 69. Kf5 Ke7 70. Ke5 Nf4 71. Bb3 Nd3+ 72. Kxd5 Nf4+ 73. Ke5 Nd3+ 74. Kf5 Ne1 75. Bd1 Kd6 76. Kxg5 Kd5 77. Kf6 Nd3 78. g5 1-0